=LDR 00000nam 2200000 4500 =001 INLIS000000000026591 =005 20201116103038 =035 ##$$a 0010-061300000026591 =008 201116################g##########0#ind## =041 ##$$a Ind =082 ##$$a 322.42 =090 ##$$a 322.42, Pam k =100 ##$$a Pambudi, A =245 1#$$a Kontroversi Kudeta prabowo /$c A. Pambudi =260 ##$$a Yogyakarta :$b Media Pressindo,$c 2007. =300 ##$$a 104 hlm, ; $c 21 x 14 cm. =650 #4$$a Revolusi - Prabowo =850 ##$$a NBPNMAT =084 ##$$a 322.42 PAM k =250 ##$$a cet.6 =504 ##$$a Bibliografi : hlm.102-104 =990 ##$$a 20703913 =990 ##$$a 20703916 =990 ##$$a 20703919 =990 ##$$a 20703911 =990 ##$$a 20703915